Mechanics of materials (Record no. 30072)

000 -LEADER
fixed length control field 00454nam a22001811 4500
001 - CONTROL NUMBER
control field 30072
003 - CONTROL NUMBER IDENTIFIER
control field BD-DhUET
008 - FIXED-LENGTH DATA ELEMENTS--GENERAL INFORMATION
fixed length control field 730221s1952 nyua 000 0 eng
040 ## - CATALOGING SOURCE
Original cataloging agency DLC
Transcribing agency DLC
Modifying agency BD-DhUET
082 ## - DEWEY DECIMAL CLASSIFICATION NUMBER
Classification number 620.11
Item number POP/1965
100 ## - MAIN ENTRY--PERSONAL NAME
Personal name Popov, E. P.
245 10 - TITLE STATEMENT
Title Mechanics of materials
250 ## - EDITION STATEMENT
Edition statement 1st ed.
260 ## - PUBLICATION, DISTRIBUTION, ETC. (IMPRINT)
Place of publication, distribution, etc. New York
Name of publisher, distributor, etc. Prentice-Hall
Date of publication, distribution, etc. 1965
300 ## - PHYSICAL DESCRIPTION
Extent xiv, 441p.
Other physical details illus.
Dimensions 24 cm.
650 #0 - SUBJECT ADDED ENTRY--TOPICAL TERM
Topical term or geographic name as entry element Strength of materials
942 ## - ADDED ENTRY ELEMENTS (KOHA)
Koha item type General Book
Holdings
Koha item type Shelving location Lost status Price effective from Koha normalized classification for sorting Koha full call number Withdrawn status Date acquired Sublocation or collection (holding branch) Koha date last seen Location (home branch) Not for loan Copy number Damaged status Piece designation (barcode) Source of classification or shelving scheme
General BookReading section 2015-06-20620_110000000000000_POP_1965620.11/POP/1965 2015-06-20Central Library, BUET2015-06-20Central Library, BUET 1 51111 
Reading ItemReading section 2015-06-30620_110000000000000_POP_1965620.11/POP/1965 2015-06-30Central Library, BUET2015-06-30Central Library, BUET 2 24824 
General BookCirculation section 2015-07-04620_110000000000000_POP_1965620.11/POP/1965 2015-07-04Central Library, BUET2015-07-04Central Library, BUET 3 55000